El plan Brady, un aňo después.

Bradyho plán o problémoch platenia zahraničného tretieho sveta z marca 1989 v porovnaní s predchádzajúcim Bakerovým plánom. Tri platné dohody medzi 3 zadlženými krajinami a ich protipartnermi - Mexiko, Filipíny a Costa Rica - podrobný výklad a dôsledky týchto dohôd. Úvahy o účinnosti Bradyho plánu -...

Ausführliche Beschreibung

Gespeichert in:
Bibliographische Detailangaben
1. Verfasser: Devlin, R.
Weitere Verfasser: Lustig, N.
Format: Buchkapitel
Sprache:Spanisch
Schlagworte:
Tags: Tag hinzufügen
Keine Tags, Fügen Sie das erste Tag hinzu!

MARC

LEADER 00000naa a2200000 4500
001 r003592
005 20220818104512.9
041 0 |a spa 
044 |a MX 
245 1 0 |a El plan Brady, un aňo después.  |c R. Devlin, N. Lustig 
520 |a Bradyho plán o problémoch platenia zahraničného tretieho sveta z marca 1989 v porovnaní s predchádzajúcim Bakerovým plánom. Tri platné dohody medzi 3 zadlženými krajinami a ich protipartnermi - Mexiko, Filipíny a Costa Rica - podrobný výklad a dôsledky týchto dohôd. Úvahy o účinnosti Bradyho plánu - požiadavky financovania, otázky koordinovania. Základné hľadiská Bradyho plánu. Popis súhlasných záujmov a rozdielností v obnovení možností platenia zahr. dlhu. 
610 2 0 |a zadlženosť zahraničná 
610 2 0 |a Bradyho plán 
610 2 0 |a Mexiko 
610 2 0 |a Filipíny 
610 2 0 |a Kostarika 
100 1 |a Devlin, R. 
700 1 |a Lustig, N.